000 00448nam a2200181Ia 4500
001 8025
005 20260306160538.0
008 260306t1997||||xx |||||||||||||| ||spa||
041 _aESP
082 _a370.1
_bC23
100 _aCalero Pérez, Mavilo
_eAUT
245 0 _aConstructivismo:
_bun reto de innovación pedagógica
260 _c1997
300 _a395 páginas :
_c20 cm.
650 _aGEN
654 _aCED
942 _cLIB
_dJUS
_fJUS
_2ddc
_n
999 _c8025
_d8025